| 000 -CABECERA |
| Longitud fija campo de control |
01016nam a2200217 a 4500 |
| 001 - NÚMERO DE CONTROL |
| Número de control |
1001 |
| 003 - IDENTIFICADOR DEL NÚMERO DE CONTROL |
| Identificador del número de control |
CDMR |
| 005 - FECHA Y HORA DE LA ÚLTIMA TRANSACCIÓN |
| Fecha y hora de la última transacción |
20131031113755.0 |
| 008 - CÓDIGOS DE INFORMACIÓN DE LONGITUD FIJA |
| Códigos de información de longitud fija |
130130s1984||||||||||||||||||||||||||||d |
| 020 ## - NÚMERO INTERNACIONAL NORMALIZADO PARA LIBROS |
| Número Internacional Normalizado para Libros (ISBN) |
843391202X |
| 040 ## - FUENTE DE LA CATALOGACIÓN |
| Centro catalogador de origen |
CDMR |
| Lengua de catalogación |
cat |
| Centro transcriptor |
CDMR |
| 100 1# - PUNTO DE ACCESO PRINCIPAL-NOMBRE DE PERSONA |
| Nombre de persona |
Wolfe, Tom |
| 9 (RLIN) |
786 |
| 245 13 - MENCIÓN DE TÍTULO |
| Título |
El nuevo periodismo |
| Mención de responsabilidad, etc. |
Tom Wolfe ; traducción de José Luis Guarner |
| 250 ## - MENCIÓN DE EDICIÓN |
| Mención de edición |
3a ed |
| 260 ## - PUBLICACIÓN, DISTRIBUCIÓN, ETC. (PIE DE IMPRENTA) |
| Lugar de publicación, distribución, etc. |
Barcelona |
| Fecha de publicación, distribución, etc. |
1984 |
| Nombre del editor, distribuidor, etc. |
Anagrama |
| 490 0# - MENCIÓN DE SERIE |
| Mención de serie |
Contraseñas |
| Designación de volumen o secuencia |
2 |
| 505 ## - NOTA DE CONTENIDO CON FORMATO |
| Nota de contenido con formato |
Conté: ¿Duerme usted desnuda? / Rex Reed ; A la rica marihuana y otros sabores / Terry Southern ; Los ejércitos de la noche / Norman Mailer ; El general sale a exterminar a Charlie Cong / Nicholas Tomalin ; La Dolce Viva / Barbara L. Goldsmith ; Cómo se vende un presidente / Joe McGinnis ; Beth Ann y la macrobiótica / Robert Christgau ; El estudio / John Gregory Dunne ; La Izquierda Exquisita & Maumauando al parachoques / Tom Wolfe |
| 650 04 - PUNTO DE ACCESO ADICIONAL DE MATERIA - TÉRMINO DE MATERIA |
| 9 (RLIN) |
797 |
| Término de materia o nombre geográfico como elemento inicial |
Reportatges literaris |
| 650 04 - PUNTO DE ACCESO ADICIONAL DE MATERIA - TÉRMINO DE MATERIA |
| 9 (RLIN) |
3430 |
| Término de materia o nombre geográfico como elemento inicial |
Periodistes |
| Subdivisión de forma |
Recull d'escrits |
| 942 ## - ENTRADA DE ELEMENTOS AGREGADOS (KOHA) |
| Koha [por defecto] tipo de item |
Monografies |
| Fuente de clasificaión o esquema |
|